01179nam a22002777a 4500999001700000005001700017008004100034040002700075041000800102044000700110082002500117110008400142245011800226246009400344260003300438300003000471490004400501650003400545650003200579650002400611650002900635650003600664650004000700942001500740952014600755 c20041d2004120200121072838.0171221b xxu||||| |||| 00| 0 spa d aCO-BoIAVH cCO-BoIAVH  aspa ack aLB-633.851bF29a2017 aFederación Nacional de Cultivadores de Palma de Aceite, Fedepalma (Colombia).1 aAnuario estadístico 2017: bprincipales cifras de la agroindustria de la palma de aceite en Colombia. 2012-2016 aStatistical Yearbook 2017 : The Oil Palm Agroindustry in Colombia and the World 2012-2016 aBogotá:bFedepalma,c2017. a205. Páginasc28 x 21cm aAnuario estadístico, Fedepalma v201716aCultivo de plantasvBeneficio16aSector PalmeroxDesempeño16aPalmaxProducción16aPalma de aceitexConsumo16aSector palmeroxEstadísticas 16aPalma de aceitexComercialización 2ddccLIBRO 00102ddc40708GENERALaBogotabBogotad2017-12-21l0oLB-633.851 F29a2017p043397r2017-12-21 00:00:00tEj. 1w2017-12-21xDonacionyLIBRO